[Event "Donau op-B 09th"]
[Site "Aschach"]
[Date "2000.12.29"]
[Round "5"]
[White "Hametner, Gerald"]
[Black "Loeb, Walter"]
[Result "1/2-1/2"]
[WhiteElo "1887"]
[BlackElo "1874"]
[PlyCount "75"]
[EventDate "2000.12.26"]
[EventType "swiss"]
[EventRounds "7"]
[EventCountry "AUT"]
[SourceTitle "EXT 2004"]
[Source "ChessBase"]
[SourceDate "2003.11.25"]
[SourceVersion "1"]
[SourceVersionDate "2003.11.25"]
[SourceQuality "1"]

1. e4 e5 2. Nf3 Nc6 3. d4 exd4 4. Nxd4 Nf6 5. Nc3 d6 6. Be2 Be7 7. Be3 0-0 8. f3 Bd7 9. Qd2 a6 10. g4 b5 11. h4 Ne5 12. h5 b4 13. Nd1 c5 14. Nf5 Be6 15. g5 Ne8 16. Nf2 d5 17. Bf4 Bxf5 18. exf5 Nc4 19. Bxc4 dxc4 20. Ne4 Qxd2+ 21. Nxd2 Bd6 22. Be3 Nc7 23. Nxc4 Nd5 24. Nxd6 Nxe3 25. Kf2 Nxc2 26. Rac1 Rfd8 27. Ne4 b3 28. axb3 Nd4 29. Rxc5 Nxb3 30. Rc3 Nd4 31. f6 Rab8 32. Rb1 Rb5 33. fxg7 Kxg7 34. Rd3 Ne6 35. Rxd8 Nxd8 36. Kg3 Ne6 37. Kg4 h6 38. f4 1/2-1/2

[Event "Donau op-B 09th"]
[Site "Aschach"]
[Date "2000.12.28"]
[Round "4"]
[White "Moosleitner, Hugo"]
[Black "Hametner, Gerald"]
[Result "1/2-1/2"]
[WhiteElo "1851"]
[BlackElo "1887"]
[PlyCount "120"]
[EventDate "2000.12.26"]
[EventType "swiss"]
[EventRounds "7"]
[EventCountry "AUT"]
[SourceTitle "EXT 2004"]
[Source "ChessBase"]
[SourceDate "2003.11.25"]
[SourceVersion "1"]
[SourceVersionDate "2003.11.25"]
[SourceQuality "1"]

1. Nf3 b6 2. g3 Bb7 3. Bg2 Nf6 4. c4 c5 5. d3 g6 6. Nc3 Bg7 7. Bd2 0-0 8. Qc1 d6 9. Bh6 Na6 10. Bxg7 Kxg7 11. h4 h5 12. a3 Re8 13. e4 e6 14. Nh2 e5 15. Qd2 Nc7 16. 0-0-0 a6 17. f3 Ne6 18. Ne2 Nd4 19. Nxd4 cxd4 20. g4 b5 21. cxb5 axb5 22. g5 Nd7 23. f4 Qa5 24. Qxa5 Rxa5 25. Bh3 Nb6 26. f5 d5 27. f6+ Kf8 28. Bg2 dxe4 29. dxe4 Nc4 30. Rd3 Ne3 31. Bf3 b4 32. Rb3 bxa3 33. Rxa3 Rxa3 34. bxa3 Nc4 35. Nf1 Nxa3 36. Nd2 Rc8+ 37. Kd1 Ba6 38. Ke1 Nc4 39. Nxc4 Rxc4 40. Kd2 Ra4 41. Rb1 Ra2+ 42. Kc1 Ke8 43. Rb2 Rxb2 44. Kxb2 Bc4 45. Ka3 Kd7 46. Kb4 Bd3 47. Kc5 Bc2 48. Kb4 Kd6 49. Kc4 Bb1 50. Bg2 Ba2+ 51. Kb4 Bb1 52. Bf3 Bd3 53. Bg2 Be2 54. Bh1 Bg4 55. Kc4 Be6+ 56. Kb4 Bh3 57. Bf3 Bg4 58. Bg2 Be2 59. Bh1 Ke6 60. Bg2 Kd6 1/2-1/2